000 00605nam a2200181 i 4500
001 134805
003 ES-MaACL
007 t|
008 070628s1949 sp ||||1| spa d
080 _a616(021)
100 1 _aTidy, Henry Letheby.
_9110221
245 1 0 _aTratado sinóptico de medicina /
_cpor Sir Henry Letheby Tidy.
250 _a1ª ed. española
_btraducida (de la octava británica rev., y aum. por Narciso Perales y Herrero).
260 _aMadrid :
_bVerdad,
_c1949.
300 _aXX, 1459 p. ;
_c19 cm.
700 1 _aPerales y Herrero, Narciso.
_990367
852 _aES-MaACL
_jE-700
_bR.28842
999 _c134805
_d134805